Logo BPK

Biblioteka

Politechniki Koszalińskiej

La France dans votre poche / (Rekord nr 818)

Szczegóły MARC
000 -ETYKIETA REKORDU
podpole kontrolne o stałej długości 00363nam a2200157 i 4500
001 - NUMER KONTROLNY REKORDU
pole kontrolne bg
040 ## - ŹRÓDŁO KATALOGOWANIA
Instytucja, która utworzyła rekord BPK
041 ## - KOD JĘZYKA
Kod języka tekstu pol
008 - POLE O STAŁEJ DŁUGOŚCI - DANE KONTROLNE
podpole kontrolne o stałej długości s pl f |000 0 pol
100 1# - NAZWA OSOBOWA
Nazwa osobowa QUENELLE, G.
245 #0 - TYTUŁ/ODPOWIEDZIALNOŚĆ
Tytuł La France dans votre poche /
Pozostałe elementy strefy tytułu i oznaczenia odpowiedzialności G. Quenelle, J. Tournaire.
250 ## - STREFA WYDANIA
Oznaczenie wydania Wyd.3.
260 ## - STREFA ADRESU WYDAWNICZEGO
Miejsce wydania Paris,
Data publikacji, dystrybucji/powstania dokumentu 1974.
700 1# - HASŁO DODATKOWE - NAZWA OSOBOWA
Nazwa osobowa TOURNAIRE, J.
856 ## - LOKALIZACJA I DOSTĘP DO ELEKTRONICZNYCH DOKUMENTÓW ZDALNYCH
Link (URL) http://koha.tu.koszalin.pl/cgi-bin/koha/opac-detail.pl?biblionumber=818
Tekst linku Katalog online BPK
942 ## - DODATKOWE ELEMENTY (KOHA)
Typ dokumentu Książka
Egzemplarze
Wycofany Status egzemplarza Uszkodzony Dostępność Lokalizacja stała Lokalizacja bieżąca Numer ubytku Sygnatura Kod kreskowy Typ dokumentu Miejsce przechowywania
  Egz. niedostępny   Niedostępny Biblioteka Politechniki Koszalińskiej Biblioteka Politechniki Koszalińskiej p28253 P 21568 02031217 Książka  
  Egz. niedostępny   Niedostępny Biblioteka Politechniki Koszalińskiej Biblioteka Politechniki Koszalińskiej p28254 P 21575 01937497 Książka  
  Egz. niedostępny   Niedostępny Biblioteka Politechniki Koszalińskiej Biblioteka Politechniki Koszalińskiej p28255 P 21579 01287523 Książka  
  Egz. niedostępny   Niedostępny Biblioteka Politechniki Koszalińskiej Biblioteka Politechniki Koszalińskiej p28256 P 21580 01937480 Książka  
      Dostępny Biblioteka Politechniki Koszalińskiej Biblioteka Politechniki Koszalińskiej   P 21584 01937473 Książka Wypożyczalnia BG
      Dostępny Biblioteka Politechniki Koszalińskiej Biblioteka Politechniki Koszalińskiej   P 21586 01937466 Książka Wypożyczalnia BG
      Dostępny Biblioteka Politechniki Koszalińskiej Biblioteka Politechniki Koszalińskiej   P 21587 01937459 Książka Wypożyczalnia BG
  Egz. niedostępny   Niedostępny Biblioteka Politechniki Koszalińskiej Biblioteka Politechniki Koszalińskiej p28257 P 21590 01960396 Książka  
© 2023 Biblioteka Politechniki Koszalińskiej :: KOHA